Buffy contre les vampires. - Statistiques

Statistiques générales
  • Ce quiz a été pris 984 fois
  • Le résultat moyen est 13 sur 15
Statistiques - réponses
Question Réponse % Correct
Quel est le prénom de ses parents ? Joyce et Hank
99%
Dans la saison 3, une nouvelle tueuse fait son apparition. Comment s'appelle-t-elle ? Faith
96%
Quel personnage, petit-ami de Willow, est un loup-garou ? Oz
95%
Pourquoi a-t-elle été viré de son lycée à Los Angeles, l'obligeant à déménager a Sunnydale ? Elle a mis le feu au gymnase
91%
A la fin de saison 1, Buffy est déclarée cliniquement morte. Quel est le nom de la tueuse "activée" pour la remplacer ? Kendra
91%
Et enfin, qui sauve le monde à la fin de la saison 7, en se sacrifiant pour fermer la bouche de l'enfer ? Spike
90%
Quel nouveau trio "maléfique" fait son apparition dans la saison 6 ? Warren, Andrew et Jonathan
89%
Cette nouvelle tueuse rejoint ensuite le maire de Sunnydale, Richard Willkins, pour l'aider à préparer l’ascension. Lors de quel événement doit avoir lieu l'ascension ? La cérémonie de remise des diplômes
88%
Au début de la 3ème saison, elle emménage à Los Angeles. Comme se fait-elle appeler ? Anne
87%
Dans la saison 4, elle fait la connaissance de Riley Finn, membre d'un groupe de travail gouvernemental des États-Unis. Quel est le nom de ce groupe ? L'Initiative
85%
Saison 5, la soeur de Buffy, Dawn apparait. Gloria la recherche pour la tuée. Mais qui est Gloria ? Une déesse
85%
Par qui est tuée Mademoiselle Jenny Calendar ? Angel
83%
Qui l'équipe surprend-t-elle a faire l'amour avec Spike ? Anya
75%
De quoi meurt la mère de Buffy dans cette saison ? Rupture d'anévrisme
65%
Quel était le nom de son 1er observateur, tué par un vampire ? Merrick
47%
Aucun quiz correspondant
Distribution des résultats
% des personnes avec chaque résultat
Percentile par nombre de réponses
Votre historique - résultats
Vous n’avez pas pris ce quiz